000 00665nam a22002537a 4500
001 31776
003 UA-OsUOA
005 20210830164436.0
007 ta
008 20050112b un ||||| |||| 00| 0 ukr d
020 _a525000184Х
040 _aUA-OsUOA
_brus
_cUA-OsUOA
_dUA-OsUOA
041 _arus
044 _aRU
080 _a94(430+497.2)
090 _a94(430+497.2)
_bП84
245 _aПроцес о поджоге рейхстага и Георгий Димитров
260 _aМосква
_bПолитиздат
_c1988
300 _a381 с.
_bіл.
505 _gТ. 2
650 7 _2UDC
_a94 Історія
942 _cBK
_2udc
955 _a1
999 _c318206
_d318206